<?xml version="1.0" encoding="UTF-8"?>
<marc:record xmlns:marc="http://www.loc.gov/MARC21/slim">
   <marc:leader>00000nam a2200000 a 4500</marc:leader>
   <marc:datafield ind1="1" ind2=" " tag="100">
      <marc:subfield code="a">Pellini, Petra</marc:subfield>
      <marc:subfield code="4">aut</marc:subfield>
      <marc:subfield code="e">Verfasser/-in</marc:subfield>
   </marc:datafield>
   <marc:datafield ind1=" " ind2=" " tag="653">
      <marc:subfield code="a">f||Fiktionale Darstellung</marc:subfield>
   </marc:datafield>
   <marc:datafield ind1=" " ind2=" " tag="653">
      <marc:subfield code="a">f||Erzählende Literatur: Gegenwartsliteratur ab 1945</marc:subfield>
   </marc:datafield>
   <marc:datafield ind1="0" ind2="0" tag="245">
      <marc:subfield code="a">Der Bademeister ohne Himmel</marc:subfield>
   </marc:datafield>
   <marc:datafield ind1="0" ind2="0" tag="245">
      <marc:subfield code="b">Roman</marc:subfield>
   </marc:datafield>
   <marc:datafield ind1="0" ind2="0" tag="245">
      <marc:subfield code="c">Petra Pellini</marc:subfield>
   </marc:datafield>
   <marc:datafield ind1=" " ind2="1" tag="264">
      <marc:subfield code="a">Hamburg</marc:subfield>
      <marc:subfield code="b">Rowohlt Kindler</marc:subfield>
      <marc:subfield code="c">2024</marc:subfield>
   </marc:datafield>
   <marc:datafield ind1=" " ind2=" " tag="250">
      <marc:subfield code="a">Originalausgabe</marc:subfield>
   </marc:datafield>
   <marc:datafield ind1="1" ind2=" " tag="520">
      <marc:subfield code="a">Linda ist fu¨nfzehn und wu¨rde am liebsten vor ein Auto laufen. Doch noch halten zwei Menschen sie davon ab: ihr einziger Freund Kevin, der daran verzweifelt, dass die Welt am Abgrund steht. Und Hubert, sechsundachtzig Jahre alt, ein Bademeister im Ruhestand, der seine Wohnung kaum mehr verlässt, Karotten toastet und auf seine Frau wartet, die vor sieben Jahren verstorben ist. Dreimal wöchentlich verbringt Linda den Nachmittag bei Hubert, um die polnische Pflegerin Ewa zu entlasten, die mit durchaus eigenwilligen Mitteln ihren Beruf ausu¨bt. Feinfu¨hlig und spielerisch begegnet Linda Huberts fortschreitender Demenz und versucht, den alten Bademeister im Leben zu halten. Bis das Schicksal ihre Pläne durchkreuzt</marc:subfield>
   </marc:datafield>
   <marc:datafield ind1=" " ind2=" " tag="020">
      <marc:subfield code="a">9783463000688</marc:subfield>
      <marc:subfield code="9">9783463000688</marc:subfield>
   </marc:datafield>
   <marc:datafield ind1=" " ind2=" " tag="020">
      <marc:subfield code="a">3463000687</marc:subfield>
      <marc:subfield code="9">3463000687</marc:subfield>
   </marc:datafield>
   <marc:datafield ind1="3" ind2=" " tag="024">
      <marc:subfield code="a">9783463000688</marc:subfield>
   </marc:datafield>
   <marc:datafield ind1=" " ind2=" " tag="041">
      <marc:subfield code="a">ger</marc:subfield>
   </marc:datafield>
   <marc:datafield ind1="0" ind2=" " tag="490">
      <marc:subfield code="v">0</marc:subfield>
   </marc:datafield>
   <marc:datafield ind1=" " ind2=" " tag="300">
      <marc:subfield code="a">316 Seiten</marc:subfield>
   </marc:datafield>
</marc:record>
